000 00416pab a2200169 454500
008 180718b2009 xxu||||| |||| 00| 0 eng d
100 _aKimakova, Alena
245 _aGovernment size and openness revisited: the case of financial globalization
260 _c2009
300 _ap.394-406.
362 _aAug
650 _aGlobalization
650 _aFinance
773 _aKyklos
908 _aN
909 _a83257
999 _c83257
_d83257